000 00477nam a2200169Ia 4500
005 20250923144616.0
008 008 250917s9999 xx 000 0 eng d
037 _aTextual
040 _aDSWL
_beng
_cDSWL
041 _aeng
_2eng
084 _qDSWL
245 0 _aStudy abroad etides a l'etranger studies extranjero; IX, 1957-58
_cby Unesco
260 _aBerlin
_b Carl Hymanns Verlog KG. Kohn
_c1957
300 _a836p.
942 _cTEXL
999 _c1441112
_d1441112